Primera División 25/26 - Liga EA Sports - Estadísticas

Estadísticas generales
  • Esta prueba ha sido intentada 143 veces
    48 desde el último reinicio
  • La puntuación promedio es 18 de 20
Estadísticas de respuestas
Club % Correcto
F.C. Barcelona
100%
Athletic Club
98%
Club Atlético de Madrid
98%
Real Madrid C.F.
98%
Sevilla F.C.
98%
Villarreal C.F.
98%
Girona F.C.
95%
R.C.D. Espanyol de Barcelona
95%
Real Betis Balompié
95%
Getafe C.F.
93%
Rayo Vallecano de Madrid
93%
R.C. Celta de Vigo
93%
Real Sociedad de Fútbol
93%
Valencia C.F.
93%
Deportivo Alavés
88%
R.C.D. Mallorca
88%
Real Oviedo
85%
C.A. Osasuna
83%
Levante U.D.
83%
Elche C.F.
63%
No se encontraron pruebas coincidentes
Distribución de puntuación
Porcentaje de gente con cada puntuación
Porcentaje por número respondido
Historial de tus puntuaciones
No has intentado esta prueba desde el último reinicio